000 00406pab a2200157 454500
008 180718b1974 xxu||||| |||| 00| 0 eng d
100 _aRao, G.B. Krishna
245 _aCriteria for upgrading a municipality as a municipal corporation: An approach
260 _c1974
300 _ap.20-24.
362 _aJul-Sep
650 _aLocal government
773 _aNagarlok
908 _aN
909 _a102569
999 _c102567
_d102567